| 000 | 00479cam a22001457a 4500 | ||
|---|---|---|---|
| 008 | 180718b1965 xxu||||| |||| 00| 0 eng d | ||
| 082 | _aA6x47 T11 | ||
| 100 | _aTaaffe, Robert N. | ||
| 245 |
_aAtlas of soviet affairs. _cby Robert N. Taaffe |
||
| 260 |
_aLondon _bMethuen _c1965 |
||
| 300 | _ax, 143p | ||
| 650 | _aRussia -Description and travel. [from old catalog] | ||
| 650 | _aRussia -Economic conditions -Maps. [from old catalog] | ||
| 650 | _aRussia -Maps. [from old catalog] | ||
| 999 |
_c411210 _d411210 |
||